Резолюции и телеграммы рабочих Петроградского металлического, Путиловского, Обуховского, Самарского, Эриксона заводов, служащих ...

RUSMARC
00006421cbc2a2200000#x 450
001116e9610-6a23-4843-8dbe-7dc58d647524
00520240507171057.0
1010#$arus
102##$aRU
2001#$aРезолюции и телеграммы рабочих Петроградского металлического, Путиловского, Обуховского, Самарского, Эриксона заводов, служащих и студентов, поступившие в Государственную думу Четвертого созыва, с протестами по поводу исключения из Государственной думы членов социал-демократической фракции и трудовиков
$j25 ноября 1916 г. - 12 января 1917 г.
251##$cДело
215##$a20 листов
$d36,5х26 см
2250#$aФонд Государственная дума I, II, III и IV созывов
$hОпись № 5
300##$aОригинальный заголовок дела: Дело председателя Государственной думы. Об исключении депутатов. 25 ноября 1916 г. - 12 января 1917 г.
300##$aМашинописный и рукописный текст
801#0$aRU
$bРГИА
801#1$aRU
$bПБ им. Б.Н. Ельцина
$2rusmarc
$c20170803
801#2$aRU
$bПБ им. Б.Н. Ельцина
$gRCR
$2rusmarc
850##$aФедеральное казенное учреждение "Российский государственный исторический архив"
852##$aРГИА
$j1239
937##$d10950903
$hПБ
100##$a20140212l19161917k##a0rusy0102####са
105##$ay###
1222#$ad19161125##
$ad19170112##
5171#$aДело председателя Государственной думы. Об исключении депутатов
$e25 ноября 1916 г. - 12 января 1917 г.
461#0$100148572405-38c5-4094-b713-85756505f9f4
$12001
$aГосударственная Дума I, II, III и IV созывов
$1251
$cФонд
$1852
$j1278
462#0$1001738a68d6-6ea7-48b2-886e-08c6c19a37fc
$12001
$a1912-1917 гг.
$vД. 1239
$1251
$cОпись
$1852
$j5
035##$a116e9610-6a23-4843-8dbe-7dc58d647524
856##$uhttp://readingroom.main.prlib.ru/item.aspx?id_node=n101287855
60101$2prlib_sh
$3LIBNET\UAF\0000093854
$aРоссия
$bГосударственная дума
$bСозыв
$bСоциал-демократическая рабочая фракция
$c4
$jАрхивные дела
60101$3RU\NLR\AUTH\8810122856
$aРоссия
$bГосударственная дума
$bСозыв
$bТрудовая группа
$c4
$jАрхивные дела
60102$2prlib_sh
$3LIBNET\UAF\0000111922
$aОбуховский сталелитейный завод
$cСанкт-Петербург, город
$jАрхивные дела
$xИстория
605##$2acquisition_Prlib
$3LIBNET\UAF\0000110675
$aОбуховский завод: из истории становления отечественной промышленности
$lколлекция
605##$2acquisition_Prlib
$3DITM\AF\0000003834
$aНарод
$lколлекция
6061#$2prlib_sh
$3LIBNET\UAF\0000111953
$aРабочее движение
$jАрхивные дела
$yСанкт-Петербург, город
$zнач. 20 в.
686##$2rubbk
$a65.03(2-2СПб)53ю1
$vLBC/M
686##$2rubbk
$a63.3(2)53-421ю1
$vLBC/M
Формат отображения